Sports Quiz

Random Sports or Tennis Quiz

Male Tennis Champions 2000s (slideshow) Quiz Stats

 Plays Quiz not verified by Sporcle

Challenge
Share
Tweet
Score 0/18 Timer 05:00
0 Plays Today
% Correct
Roger Federer
99.8%
Andre Agassi
97.8%
Pete Sampras
97.1%
Andy Murray
96.3%
Rafael Nadal
94.6%
Novak Djokovic
93.3%
Andy Roddick
92.6%
Lleyton Hewitt
91.6%
Juan Martín del Potro
88.7%
% Correct
Stan Wawrinka
84.8%
Marin Čilić
81.6%
Marat Safin
80.4%
Goran Ivanišević
79.9%
Gustavo Kuerten
75.5%
Juan Carlos Ferrero
66.4%
Thomas Johansson
54.4%
Albert Costa
51.6%
Gastón Gaudio
48.2%

You're not logged in!

Compare scores with friends on all Sporcle quizzes.
OR
Log In

You Might Also Like...

Show Comments

Extras

Top Quizzes Today


Score Distribution

Your Account Isn't Verified!

In order to create a playlist on Sporcle, you need to verify the email address you used during registration. Go to your Sporcle Settings to finish the process.

Report this User

Report this user for behavior that violates our Community Guidelines.

Details: